000
00245nam a2200097Ia 4500
008
190216s9999||||xx |||||||||||||| ||und||
100
_a
Kainikkara Kumara Pilla
245
0
_a
Malayalam-Sahithyathinde Panthav
260
_b
Nbs Kottayam
942
_c
BK
999
_c
30319
_d
30319